000
00260nam a22001217a 4500
008
171010b xxu||||| |||| 00| 0 eng d
041
_a
eng
080
_2
15 ED
_a
316
100
_a
50
101
_a
SOC
245
_a
SOCIOLOGY
_c
MACIONS.J.J
942
_2
udc
_c
BK
999
_c
32884
_d
32884